| 000 | 00742nam a22002297a 4500 | ||
|---|---|---|---|
| 005 | 20240530110857.0 | ||
| 008 | 150216s2003 ua obf a b 000 0 ara d | ||
| 017 |
_a2003/7412 _bمصر . دار الكتب المصرية |
||
| 020 | _a9770441260 | ||
| 040 | _aEG-CaGPL | ||
| 041 | 0 | _aara | |
| 082 | 0 | 4 |
_221 _a212\ _bس أ |
| 100 | 0 | _aسعدالدين ابوشنب | |
| 245 | 1 | 0 |
_aانا ومدائن العشق الالهى / _cسعدالدين ابوشنب |
| 250 | _aط.2 | ||
| 260 |
_aالقاهرة : _bدار النهضة العربية، _c2003 |
||
| 300 |
_a319 ص : _bايض ؛ _c25 سم |
||
| 650 | 0 | 4 | _aالصلاة |
| 650 | 0 | 4 | _aالاداب الاسلامية |
| 942 |
_2ddc _cBK |
||
| 999 |
_c66060 _d66060 |
||